000 00540nam a2200205Ia 4500
003 GCL
008 140319s9999 xx 000 0 eng d
040 _aGCL /
_cGCL
082 0 4 _a930.1
_bD E
100 1 _aDAUX, GEORGES
245 1 0 _aLES ETAPES DE L,ARCHEOLOGIE /
_cDAUX, GEORGES
260 _a[S.N] :
_bPRESSES UNIVESITAIRES DE FRANCE ،
_c1942
300 _a127P
650 0 4 _aCIVILIZATION
650 0 4 _aHISTORY - ARCHAEOLAGY
650 0 4 _aANCIENT EGYPT
650 0 4 _aMONUMENTS
650 0 4 _aHISTORY, ANCIENT
942 _2ddc
_cBK
999 _c12562
_d12562